| 000 | 01344nab a2200277 u 4500 | ||
|---|---|---|---|
| 001 | 20244 | ||
| 003 | HDC | ||
| 007 | cr bn ---aaaaa | ||
| 008 | 210221b20090516my d||no |||| 00| 0 eng d | ||
| 040 | _aHDC | ||
| 245 | 0 | _aECER enters UK Halal market | |
| 260 |
_aKota Kinabalu : _bDaily Express, _c2007 |
||
| 300 | _a1 online resource | ||
| 336 |
_atext _2rdacontent |
||
| 337 |
_acomputer _2rdamedia |
||
| 338 |
_aonline resource _2rdacarrier |
||
| 520 | _aFour halal product entrepreneurs from the East Coast Economic Region (ECER) have successfully penetrated the fast growing United Kingdom (UK) halal market. The companies are Muslim Best Food Industries, GTHerb Industries, Maduria Industries and RMZ Marketing. The companies are exploring the export of food and beverage products to the UK through the Malaysia Trading House, which is operating in London, the ECER secretariat said in a statement Friday. | ||
| 650 |
_aFood _xreligious aspects _xIslam _9239 |
||
| 650 |
_aHalal food _950 |
||
| 650 |
_aMeat industry _xReligious aspects _xIslam _918118 |
||
| 710 |
_aDaily Express, _eissuing body |
||
| 856 | _zRequest full-text at [email protected] | ||
| 942 | _2lcc | ||
| 942 | _cNEWS | ||
| 942 | _kNWSO 005456 | ||
| 999 |
_c17560 _d17560 |
||